[Event "15th London Classic Open"]
[Site "London ENG"]
[Date "2025.12.02"]
[Round "8.35"]
[White "Roe, Simon J"]
[Black "Negrean, Andrei"]
[Result "1/2-1/2"]
[BlackTitle "FM"]
[WhiteElo "2172"]
[BlackElo "2334"]
[WhiteFideId "401471"]
[BlackFideId "1291513"]
[EventDate "2025.11.27"]

1. c4 Nf6 2. Nf3 c5 3. g3 b6 4. Bg2 Bb7 5. O-O e6 6. Nc3 d6 7. d4 cxd4 8. Qxd4
a6 9. Bg5 Be7 10. Bxf6 Bxf6 11. Qf4 O-O 12. Rfd1 Be7 13. Ne4 Bxe4 14. Qxe4 Ra7
15. Nd4 Rc7 16. b3 Rc5 17. a4 Qc7 18. Ra2 Re8 19. Rad2 Bf8 20. e3 Nd7 21. Qb1
Qc8 22. Ne2 Nf6 23. Nf4 Rc7 24. Bf1 Nd7 25. Be2 g6 26. Bf1 Qb8 27. h4 Ne5 28.
Qe4 Qa8 29. Qxa8 Rxa8 30. Kg2 Nc6 31. Be2 Rb8 32. Rb1 Na7 33. Nd3 Nc6 34. Bf3
Na5 35. Ra2 Rbc8 36. Ne1 Kg7 37. Nd3 h6 38. Nf4 Be7 39. Ne2 g5 40. hxg5 hxg5 41.
Nd4 Bf6 42. Rd2 Kf8 43. Rd3 Ke7 44. Rh1 Rh8 45. Rxh8 Bxh8 46. g4 Be5 47. Be4
Bxd4 48. exd4 b5 49. axb5 axb5 50. cxb5 d5 51. Bf3 Rb7 52. b4 Nc4 53. Be2 Rxb5
54. Rb3 Kd6 55. Rf3 Ke7 56. Rb3 Kd6 57. Rf3 Rb7 58. b5 Ke7 59. Bxc4 dxc4 60. Rc3
Rxb5 61. Rxc4 Rb3 62. Rc5 f6 63. Rc7+ Ke8 64. Rc6 Ke7 65. Rc7+ Ke8 66. Rc6 Ke7
67. Rc7+ 1/2-1/2

[Event "15th London Classic Open"]
[Site "London ENG"]
[Date "2025.12.02"]
[Round "8.36"]
[White "Wells, Peter K"]
[Black "Hanache, Kai"]
[Result "1-0"]
[WhiteTitle "GM"]
[WhiteElo "2321"]
[BlackElo "2122"]
[WhiteFideId "400327"]
[BlackFideId "490105"]
[EventDate "2025.11.27"]

1. Nf3 Nf6 2. c4 g6 3. Nc3 d5 4. cxd5 Nxd5 5. h4 Bg7 6. h5 Nc6 7. g3 e5 8. Bg2
Nxc3 9. bxc3 O-O 10. Qc2 e4 11. Qxe4 Re8 12. Qc4 Na5 13. Qa4 c5 14. hxg6 hxg6
15. Qh4 Qd3 16. Qh7+ Kf8 17. Qh8+ Bxh8 18. Rxh8+ Kg7 19. Rxe8 Qd7 20. Re4 b5 21.
Ne5 Qb7 22. Nxf7 Bh3 23. Nd6 Qd7 24. Bxh3 Qxh3 25. d3 Rd8 26. Re7+ Kg8 27. Ne4
Kf8 28. Rxa7 Nc6 29. Rf7+ Ke8 30. Rh7 Qf5 31. Bg5 Kf8 32. Rh8+ Kg7 33. Rxd8 Nxd8
34. Bxd8 c4 35. Bf6+ Kf8 36. Kd2 cxd3 37. exd3 Qd5 38. Ke3 Qh5 39. a4 bxa4 40.
Rxa4 Qd5 41. Ra7 g5 42. Bg7+ 1-0

[Event "15th London Classic Open"]
[Site "London ENG"]
[Date "2025.12.02"]
[Round "8.37"]
[White "Tica, Sven"]
[Black "Pollack, Oscar"]
[Result "0-1"]
[WhiteTitle "IM"]
[WhiteElo "2441"]
[BlackElo "2099"]
[WhiteFideId "14526948"]
[BlackFideId "429414"]
[EventDate "2025.11.27"]

1. d4 Nf6 2. Nf3 g6 3. g3 Bg7 4. Bg2 O-O 5. O-O d6 6. b3 e5 7. dxe5 dxe5 8. Ba3
Nc6 9. Bxf8 Qxf8 10. c3 e4 11. Nd4 Ne5 12. h3 Bd7 13. f4 exf3 14. exf3 Rd8 15.
Re1 Nh5 16. Kh2 Nc6 17. Nxc6 Bxc6 18. Qe2 Qd6 19. f4 Bf6 20. Bxc6 bxc6 21. Qf3
Qd3 22. Qxd3 Rxd3 23. Rg1 Be7 24. a4 Bc5 25. Rg2 Rd1 26. b4 Bd6 27. Rg1 Rd3 28.
Ra2 Nxg3 29. Rd2 Rxd2+ 30. Nxd2 Ne2 31. Re1 Bxf4+ 32. Kg2 Nxc3 33. Nc4 Nxa4 34.
Na5 Bd6 35. Nxc6 Nc3 36. Rc1 Nd5 37. b5 Nf4+ 38. Kf1 Nxh3 39. Nxa7 Ng5 40. Nc8
Bf4 41. Rd1 Ne6 42. Rd7 Kf8 43. Na7 h5 44. Nc6 h4 45. Kg2 Ng5 46. Rd8+ Kg7 47.
Rd4 h3+ 48. Kh1 Ne6 49. Rd3 h2 50. Kg2 g5 51. Ne7 Kf6 52. Nd5+ Kf5 53. Rd1 Be5
54. Ne3+ Kg6 55. Ng4 Bd4 56. Nxh2 Bc5 57. Nf3 f6 58. Rd7 g4 59. Ne1 f5 60. Nd3
Be3 61. Kg3 Kg5 62. Rd5 Ng7 63. Rd7 f4+ 64. Kh2 Nf5 65. Rxc7 f3 66. Rc2 Nd4 67.
Rb2 Kh4 68. Ne1 g3+ 69. Kh1 Kh3 70. Nxf3 Nxf3 71. Rg2 Nh4 72. Rxg3+ Kxg3 73. b6
Bf4 74. b7 Nf5 75. b8=Q Bxb8 76. Kg1 Kf3 77. Kh1 Ba7 78. Kh2 Ng3 79. Kh3 Bg1 80.
Kh4 Ne4 81. Kh5 Kf4 82. Kg6 Ke5 83. Kf7 Kd6 84. Kg6 Ke6 85. Kh5 Kf5 86. Kh4 Kf4
87. Kh3 Kf3 88. Kh4 Bd4 89. Kh3 Be5 90. Kh4 Bd4 91. Kh3 Nf2+ 92. Kh2 Be5+ 93.
Kg1 Bd6 94. Kf1 Bh2 95. Ke1 Ne4 96. Kd1 Be5 97. Ke1 Bd4 98. Kd1 Ke3 99. Ke1 Nd2
100. Kd1 Kd3 101. Ke1 Bc5 102. Kd1 Bf2 103. Kc1 Nc4 104. Kd1 Ne3+ 105. Kc1 Kc3
106. Kb1 Nc4 107. Kc1 Nb2 108. Kb1 Be3 109. Ka2 Nc4 110. Kb1 Kb3 111. Ka1 Bh6
112. Kb1 Na3+ 113. Ka1 Bg7# 0-1

[Event "15th London Classic Open"]
[Site "London ENG"]
[Date "2025.12.02"]
[Round "8.38"]
[White "Panda, Barnabas"]
[Black "Abdulla, Murad"]
[Result "1-0"]
[BlackTitle "FM"]
[WhiteElo "2099"]
[BlackElo "2324"]
[WhiteFideId "799556"]
[BlackFideId "2403757"]
[EventDate "2025.11.27"]

1. d4 Nf6 2. c4 e5 3. dxe5 Ng4 4. Nh3 Nxe5 5. e3 d6 6. Nf4 g6 7. Be2 Bg7 8. Nc3
a5 9. O-O O-O 10. Qd2 a4 11. Rb1 Bf5 12. e4 Bd7 13. Nfd5 f5 14. Qg5 Na6 15. Qg3
Qe8 16. c5 Rb8 17. Bxa6 bxa6 18. Nxc7 Qf7 19. cxd6 fxe4 20. Bg5 Qc4 21. N7d5 Kh8
22. Qh4 Bf5 23. Be7 Rf7 24. Ne3 Qe6 25. Nxe4 Bxe4 26. Qxe4 Qxa2 27. Ra1 Qb3 28.
Qxa4 Qxb2 29. Qxa6 h6 30. Rad1 Nd7 31. Qd3 Ne5 32. Qd5 Qb7 33. Qxb7 Rxb7 34. Rb1
Rfxe7 35. dxe7 Rxe7 36. Rfd1 Kh7 37. h3 h5 38. Rb6 Ra7 39. Rdb1 Ra2 40. Rb7 Kh6
41. R1b6 Kh7 42. Re6 1-0

[Event "15th London Classic Open"]
[Site "London ENG"]
[Date "2025.12.02"]
[Round "8.39"]
[White "Hagesather, Arne"]
[Black "Panjer, Sidney"]
[Result "1-0"]
[WhiteElo "1975"]
[BlackElo "2287"]
[WhiteFideId "1502476"]
[BlackFideId "16207041"]
[EventDate "2025.11.27"]

1. d4 d5 2. Nc3 Nf6 3. Bf4 c5 4. e4 Nxe4 5. Nxe4 dxe4 6. dxc5 Nd7 7. Bc4 e5 8.
Qd5 Qf6 9. Be3 Be7 10. Ne2 O-O 11. b4 Qg6 12. O-O Kh8 13. f4 exf3 14. Rxf3 f5
15. Raf1 Rd8 16. Rd1 f4 17. Bxf4 exf4 18. Nxf4 Qh6 19. Qf7 Qf6 20. Qxe7 Rf8 21.
Ng6+ 1-0

[Event "15th London Classic Open"]
[Site "London ENG"]
[Date "2025.12.02"]
[Round "8.40"]
[White "Khoo-Thwe, Louis"]
[Black "Fellowes, Billy"]
[Result "1-0"]
[WhiteTitle "CM"]
[BlackTitle "CM"]
[WhiteElo "2225"]
[BlackElo "2184"]
[WhiteFideId "1538756"]
[BlackFideId "483540"]
[EventDate "2025.11.27"]

1. e4 c6 2. d4 d5 3. e5 Bf5 4. Nf3 e6 5. Be2 Nd7 6. O-O Ne7 7. Nh4 c5 8. Bg5 Bg6
9. Nxg6 hxg6 10. c4 dxc4 11. Na3 Qb8 12. Bxe7 Bxe7 13. Nxc4 Nb6 14. Nxb6 axb6
15. Bb5+ Kf8 16. Qe2 Rh5 17. Rfe1 cxd4 18. Qe4 Bc5 19. a3 Ra5 20. Bd3 Be7 21. f4
Rd5 22. Rac1 Qd8 23. b4 Rd7 24. Rc4 Rc7 25. Rec1 Rxc4 26. Rxc4 b5 27. Rc2 Qb6
28. Rc8+ Bd8 29. Rc5 Kg8 30. Qxd4 Rh4 31. g3 Rh8 32. Qd7 Rh6 33. Kg2 Kh7 34.
Qxb5 Qa7 35. Qe8 Qa8 36. Be4 Qa6 37. Rc2 Qb6 38. Qd7 Qe3 39. Qd3 Qb6 40. Rc8 Be7
41. Rb8 f5 42. exf6 Bxf6 43. Rxb7 Qd8 44. Qxd8 Bxd8 45. a4 Rh5 46. a5 Bxa5 47.
bxa5 Rxa5 48. Rb6 Ra2+ 49. Kh3 Re2 50. Rxe6 1-0

[Event "15th London Classic Open"]
[Site "London ENG"]
[Date "2025.12.02"]
[Round "8.41"]
[White "Kalavannan, Koby"]
[Black "Kapechun, Mikhailo"]
[Result "1-0"]
[WhiteTitle "FM"]
[WhiteElo "2275"]
[BlackElo "2174"]
[WhiteFideId "425753"]
[BlackFideId "34147527"]
[EventDate "2025.11.27"]

1. Nf3 c5 2. b3 Nc6 3. Bb2 Nf6 4. c4 d5 5. cxd5 Nxd5 6. g3 f6 7. Bg2 e5 8. O-O
Be6 9. e3 Be7 10. Nc3 O-O 11. Nxd5 Bxd5 12. d4 cxd4 13. exd4 e4 14. Ne1 f5 15.
Nc2 Bf6 16. Qe2 Qd7 17. Rfd1 Rfe8 18. Ne3 Nb4 19. a3 Nc6 20. Qb5 Rad8 21. Bf1
Kh8 22. Nxd5 Qxd5 23. Qxb7 Nxd4 24. Qxa7 Nf3+ 25. Kg2 Nd2 26. Bxf6 e3+ 27. Kg1
gxf6 28. fxe3 Qxb3 29. Bg2 Rxe3 30. Rab1 Qd3 31. Qf7 Qd4 32. Kh1 Qe5 33. Rxd2
Re1+ 34. Bf1 Qe4+ 35. Kg1 Qe3+ 36. Rf2 Rxb1 37. Qxf6+ Kg8 38. Qxd8+ Kg7 39. Qd7+
Kg8 40. Qxf5 Rb2 41. Qf8# 1-0

[Event "15th London Classic Open"]
[Site "London ENG"]
[Date "2025.12.02"]
[Round "8.42"]
[White "Noy, Eyal"]
[Black "Rushbrooke, Remy"]
[Result "0-1"]
[WhiteTitle "FM"]
[WhiteElo "2275"]
[BlackElo "2119"]
[WhiteFideId "2821117"]
[BlackFideId "443590"]
[EventDate "2025.11.27"]

1. Nf3 d5 2. g3 Bg4 3. Bg2 Nd7 4. h3 Bxf3 5. Bxf3 Ngf6 6. O-O c6 7. d3 Qc7 8.
Nd2 h5 9. h4 e6 10. e4 O-O-O 11. Qe2 g5 12. hxg5 h4 13. e5 Nxe5 14. gxf6 hxg3
15. d4 Nd3 16. fxg3 Nxc1 17. Raxc1 Qxg3+ 18. Qg2 Qh4 19. Qf2 Qg5+ 20. Bg2 Bd6
21. Nf3 Qh6 22. Rfe1 Rdg8 23. Kf1 Bg3 24. Qg1 Bxe1 25. Rxe1 Rg3 26. Qe3 Qg6 27.
Re2 Rg8 28. Bh1 Qh5 29. Bg2 Qg4 30. Qf2 Qf5 31. Ne1 Qg4 32. Re3 Rxe3 33. Qxe3
Rg6 34. Qe5 Rg5 35. Qe3 Rf5+ 36. Bf3 Rxf6 37. Ke2 Qf5 38. Kd2 Rg6 39. Be2 Qf6
40. Nf3 Rg3 41. Qf2 Qf4+ 42. Qe3 Qf5 43. Qf2 Rh3 44. Qe3 f6 45. Qa3 Qf4+ 46. Qe3
Qe4 47. Qf2 Qf4+ 48. Qe3 Qxe3+ 49. Kxe3 e5 50. Kd2 e4 51. Ng5 Rh4 52. Ne6 Kd7
53. Nc5+ Ke7 54. Nxb7 f5 55. Na5 Kd7 56. Ba6 f4 57. Bb7 Rh2+ 58. Kc3 f3 59.
Bxc6+ Ke6 60. Nb3 e3 61. Bb5 Rh1 62. Nc5+ Kd6 63. b4 e2 64. Nd3 f2 65. Nxf2
e1=Q+ 0-1

[Event "15th London Classic Open"]
[Site "London ENG"]
[Date "2025.12.02"]
[Round "8.43"]
[White "Dobrosmyslov, Artem"]
[Black "Abhyuday, Santhosh"]
[Result "0-1"]
[WhiteTitle "FM"]
[BlackTitle "CM"]
[WhiteElo "2254"]
[BlackElo "2094"]
[WhiteFideId "24139521"]
[BlackFideId "25624849"]
[EventDate "2025.11.27"]

1. d4 Nf6 2. c4 g6 3. Nc3 Bg7 4. e4 d6 5. Be2 O-O 6. h4 c5 7. d5 b5 8. cxb5 a6
9. bxa6 Bxa6 10. h5 Qa5 11. hxg6 hxg6 12. Rh4 Bxe2 13. Nxe2 Na6 14. Rb1 Rfb8 15.
Kf1 Rb7 16. g3 Rab8 17. Kg2 Qd8 18. a3 Nc7 19. Qc2 Nd7 20. Bh6 Bf6 21. Rh3 Ne5
22. f4 Nc4 23. Kf3 Rxb2 24. Rxb2 Rxb2 25. Qa4 Nd2+ 26. Kg4 Ne8 27. f5 Bxc3 28.
Nxc3 Nf6+ 29. Kf4 Nf1 30. Nd1 Re2 31. Kf3 Rxe4 32. Qa6 Re1 33. Qd3 c4 34. Qc2
gxf5 35. Qxf5 Re5 36. Qf4 Qc8 37. Kg2 Rf5 38. Qd4 Rxd5 39. Qa7 Rxd1 40. Qxe7
Qc6+ 41. Kf2 Ne4+ 0-1

[Event "15th London Classic Open"]
[Site "London ENG"]
[Date "2025.12.02"]
[Round "8.44"]
[White "Farberov, Maxim"]
[Black "Kovalskyi, Roman"]
[Result "1/2-1/2"]
[WhiteElo "2133"]
[BlackElo "2208"]
[WhiteFideId "2070944"]
[BlackFideId "14184214"]
[EventDate "2025.11.27"]

1. e4 c6 2. Nc3 d5 3. Nf3 dxe4 4. Nxe4 Nf6 5. Qe2 Nxe4 6. Qxe4 Nd7 7. Bc4 Nf6 8.
Ne5 e6 9. Qe2 b5 10. Bd3 Bb7 11. O-O Qc7 12. a4 Bd6 13. f4 O-O 14. b3 Nd5 15.
Bb2 f6 16. Qe4 f5 17. Qe2 Nb4 18. axb5 cxb5 19. Bxb5 Qxc2 20. Bc3 Nd5 21. Bc4
Nxc3 22. dxc3 Qxc3 23. Bxe6+ Kh8 24. Nf7+ Rxf7 25. Bxf7 Bxf4 26. Rad1 Bxh2+ 27.
Kxh2 Qc7+ 28. Kg1 Qxf7 29. Qe5 Qg6 30. Rf2 Be4 31. Rd6 Qg5 32. Rd7 Rc8 33. Rc7
Rd8 34. Rd7 Rc8 35. Rc7 Rd8 36. Rd7 h6 37. Rxd8+ Qxd8 38. Qb2 Qd1+ 39. Kh2 Kh7
40. b4 a6 41. Qd2 Qa4 42. Qc3 Qb5 43. Qd4 a5 44. bxa5 Qxa5 45. Qd6 Qe1 46. Qd2
Qa1 47. Qd6 Qa7 48. Qd2 Qb6 49. Qf4 g5 50. Qd2 Kg6 51. Rf1 Qc7+ 52. Kg1 h5 53.
Rc1 Qb6+ 54. Qf2 Qd6 55. Qc5 Qxc5+ 56. Rxc5 h4 57. Kf2 g4 58. g3 h3 59. Kg1 f4
60. gxf4 Kf6 61. Kh2 Bf3 62. Kg3 Ke6 63. Rh5 Kf6 64. Rg5 Ke6 65. Rh5 Kf6 66. Rg5
Ke6 67. Rh5 1/2-1/2

[Event "15th London Classic Open"]
[Site "London ENG"]
[Date "2025.12.02"]
[Round "8.45"]
[White "Li, Harry"]
[Black "Hill, Alistair"]
[Result "1/2-1/2"]
[WhiteElo "2206"]
[BlackElo "2087"]
[WhiteFideId "430145"]
[BlackFideId "432407"]
[EventDate "2025.11.27"]

1. e4 e6 2. d4 d5 3. e5 c5 4. c3 Nc6 5. Nf3 Bd7 6. Be2 Nge7 7. Na3 cxd4 8. cxd4
Nf5 9. Nc2 Be7 10. O-O O-O 11. Bd3 f6 12. Bf4 fxe5 13. Nxe5 Rc8 14. Nxc6 Rxc6
15. Be5 Be8 16. Qd2 Bg6 17. g3 Qb6 18. Rab1 Bf6 19. Kg2 Ne7 20. Nb4 Bxd3 21.
Nxd3 Ng6 22. Rfe1 Nxe5 23. Nxe5 Bxe5 24. Rxe5 Rf6 25. Rc1 h6 26. Rxc6 Qxc6 27.
Qc3 Qxc3 28. bxc3 Kf7 29. Re2 1/2-1/2

[Event "15th London Classic Open"]
[Site "London ENG"]
[Date "2025.12.02"]
[Round "8.46"]
[White "Badrinath, S."]
[Black "Hryshchenko, Kamila"]
[Result "1-0"]
[WhiteTitle "CM"]
[BlackTitle "WFM"]
[WhiteElo "2200"]
[BlackElo "2066"]
[WhiteFideId "5029961"]
[BlackFideId "14147491"]
[EventDate "2025.11.27"]

1. e4 d6 2. d4 g6 3. Nc3 Bg7 4. Be3 c6 5. f4 Nf6 6. Nf3 Bg4 7. h3 Bxf3 8. Qxf3
Qa5 9. a3 Nbd7 10. e5 Nd5 11. Bd2 Nxc3 12. Bxc3 Qc7 13. O-O-O d5 14. g4 a5 15.
h4 b5 16. h5 O-O-O 17. Be1 Kb7 18. a4 b4 19. c4 dxc4 20. Bxc4 e6 21. Bh4 Rde8
22. Rh2 Bf8 23. Rc2 Nb8 24. Bf6 Rg8 25. d5 Bg7 26. dxc6+ Ka7 27. Qe3+ Ka8 28.
Bxg7 Rxg7 29. Rd7 Nxd7 30. cxd7 Qxd7 31. Bb5 Qa7 32. Bc6+ Kb8 33. Qxa7+ Kxa7 34.
Bxe8 gxh5 35. g5 h6 36. gxh6 Rh7 37. Rc7+ Kb6 38. Rxf7 1-0

[Event "15th London Classic Open"]
[Site "London ENG"]
[Date "2025.12.02"]
[Round "8.47"]
[White "Mesropyan, Hayk"]
[Black "Harley, Andrew D"]
[Result "0-1"]
[BlackTitle "FM"]
[WhiteElo "2136"]
[BlackElo "2182"]
[WhiteFideId "499455"]
[BlackFideId "401390"]
[EventDate "2025.11.27"]

1. e4 e6 2. d4 d5 3. Nc3 Bb4 4. e5 c5 5. a3 Bxc3+ 6. bxc3 Ne7 7. Qg4 O-O 8. Bd3
f5 9. exf6 Rxf6 10. Bg5 Rf7 11. Qh5 g6 12. Qd1 Qa5 13. Nf3 Nec6 14. O-O c4 15.
Be2 Nd7 16. Qd2 Nf6 17. Bxf6 Rxf6 18. Nh4 Bd7 19. f4 Raf8 20. g3 Qc7 21. Nf3 b6
22. Rae1 Bc8 23. Rf2 Re8 24. Ng5 h6 25. Nf3 Kg7 26. Bf1 Rff8 27. h4 Qd6 28. a4
Bd7 29. Bh3 Re7 30. Kg2 Nd8 31. h5 gxh5 32. Re5 Be8 33. Nh4 Nc6 34. Re3 Rf6 35.
Rfe2 Bg6 36. Re5 Be4+ 37. Kh2 Nd8 38. f5 Nf7 39. Rxe6 Rexe6 40. fxe6 Ng5 41. Bf5
Nf3+ 42. Nxf3 Rxf5 43. Nh4 Rg5 44. Qf4 Qxe6 45. Rf2 Qe7 46. Re2 Qf7 47. Rf2 Qxf4
48. gxf4 Rg4 49. Kh3 Kf6 50. f5 Rg5 51. Kh2 Bxf5 52. Nf3 Rg4 53. Ne5 Re4 54. Nc6
a5 55. Ne5 Ke6 56. Nd7 Kxd7 57. Rxf5 Re2+ 58. Kg3 Rxc2 59. Rxd5+ Kc6 60. Rxh5
Rxc3+ 61. Kf4 Ra3 62. Ke4 Rxa4 63. Rxh6+ Kb5 64. Rh5+ Kb4 65. d5 Ra1 66. d6 Re1+
67. Kd5 Rd1+ 68. Kc6 c3 69. Rh2 Kb3 0-1

[Event "15th London Classic Open"]
[Site "London ENG"]
[Date "2025.12.02"]
[Round "8.49"]
[White "Yoon, Jacob D"]
[Black "Hariharan, Shambavi"]
[Result "1-0"]
[WhiteTitle "CM"]
[BlackTitle "WFM"]
[WhiteElo "2160"]
[BlackElo "1988"]
[WhiteFideId "446076"]
[BlackFideId "488160"]
[EventDate "2025.11.27"]

1. e4 e5 2. Nf3 Nc6 3. d4 exd4 4. Nxd4 Bc5 5. Nb3 Bb6 6. Nc3 d6 7. Qe2 a5 8. Be3
Bxe3 9. Qxe3 Nf6 10. f3 Qe7 11. O-O-O a4 12. Nd4 Bd7 13. g4 a3 14. b3 Nxd4 15.
Qxd4 Bc6 16. h4 O-O 17. h5 Ra5 18. h6 g6 19. b4 Re5 20. f4 Nxe4 21. Nxe4 Bxe4
22. Rh3 Bc6 23. fxe5 dxe5 24. Qd2 Qe6 25. Rxa3 Qxg4 26. Rd3 e4 27. Rd8 Be8 28.
Bc4 Qf5 29. Kb1 Qf6 30. Qd4 Qxd4 31. R1xd4 Bc6 32. b5 Be8 33. Rxe4 1-0

[Event "15th London Classic Open"]
[Site "London ENG"]
[Date "2025.12.02"]
[Round "8.50"]
[White "Khachatouri, Saro"]
[Black "Vortmeier, Jan"]
[Result "0-1"]
[WhiteElo "2100"]
[BlackElo "2152"]
[WhiteFideId "1638076"]
[BlackFideId "16261321"]
[EventDate "2025.11.27"]

1. d4 Nf6 2. c4 g6 3. Nc3 Bg7 4. e4 d6 5. Bd3 O-O 6. Nge2 Nc6 7. O-O Nd7 8. Bc2
e5 9. d5 Nd4 10. Nxd4 exd4 11. Ne2 Ne5 12. Nxd4 Nxc4 13. Rb1 Bd7 14. b3 Nb6 15.
a4 c5 16. Ne2 a5 17. Ng3 h5 18. Be3 h4 19. Ne2 Re8 20. Qd2 Nc8 21. Bd3 b5 22. f4
f5 23. e5 dxe5 24. axb5 exf4 25. Bxc5 g5 26. Bc4 Nd6 27. Bxd6 Qb6+ 28. Kh1 Qxd6
29. Nd4 Re4 30. Nc6 a4 31. b6 Bc8 32. Rfe1 a3 33. Rxe4 fxe4 34. b4 Kh8 35. Qe2
Qg6 36. Ba2 Bf6 37. Re1 e3 38. Bb1 Qf7 39. Ba2 h3 40. Na5 hxg2+ 41. Qxg2 Rb8 42.
b7 Bxb7 43. Nxb7 Qxb7 44. Rc1 Qd7 45. Rc6 Qf5 46. Qf1 f3 0-1

[Event "15th London Classic Open"]
[Site "London ENG"]
[Date "2025.12.02"]
[Round "8.51"]
[White "Hng, Mei-En Emmanuelle"]
[Black "Richardson, John R"]
[Result "1/2-1/2"]
[WhiteTitle "WFM"]
[BlackTitle "FM"]
[WhiteElo "2125"]
[BlackElo "2224"]
[WhiteFideId "5804566"]
[BlackFideId "401617"]
[EventDate "2025.11.27"]

1. e4 c5 2. d4 cxd4 3. c3 Nf6 4. e5 Nd5 5. Qxd4 e6 6. Bd3 Nc6 7. Qe4 Qc7 8. Nf3
Ncb4 9. O-O f5 10. exf6 Nxf6 11. Qe2 Nxd3 12. Qxd3 b6 13. Re1 Bb7 14. Bg5 Bc5
15. Nbd2 O-O 16. Rad1 a5 17. Bxf6 Rxf6 18. Ne4 Bxe4 19. Rxe4 d5 20. Re2 Qf4 21.
Rde1 Re8 22. Qb5 Re7 23. Qc6 h6 24. h3 Qd6 25. Qxd6 Bxd6 26. Nd4 Kf7 27. g3 g5
28. Kg2 Re8 29. a3 Bc5 1/2-1/2

[Event "15th London Classic Open"]
[Site "London ENG"]
[Date "2025.12.02"]
[Round "8.52"]
[White "Deepak Ambattu, Rithvik"]
[Black "Willmoth, Robert F"]
[Result "1-0"]
[WhiteTitle "CM"]
[BlackTitle "CM"]
[WhiteElo "2168"]
[BlackElo "2130"]
[WhiteFideId "2410060"]
[BlackFideId "402540"]
[EventDate "2025.11.27"]

1. d4 d6 2. Nf3 Bg4 3. e4 Nf6 4. h3 Bh5 5. Nc3 e6 6. Qe2 Be7 7. g4 Bg6 8. h4 h5
9. g5 Nfd7 10. Be3 a6 11. a4 c6 12. d5 cxd5 13. exd5 e5 14. a5 Bf5 15. Bh3 Bxh3
16. Rxh3 Nf8 17. Ne4 Ng6 18. Rg3 Nd7 19. c4 Nc5 20. Bxc5 dxc5 21. d6 Bxd6 22.
O-O-O O-O 23. Nxd6 Qxa5 24. Kb1 Rad8 25. Nxe5 Nxe5 26. Qxe5 Rfe8 27. Qc3 Qb6 28.
g6 f6 29. Qd3 Re6 30. Re3 1-0

[Event "15th London Classic Open"]
[Site "London ENG"]
[Date "2025.12.02"]
[Round "8.53"]
[White "Verbytski, Oleg"]
[Black "Manmay Chopra"]
[Result "1/2-1/2"]
[BlackTitle "CM"]
[WhiteElo "2092"]
[BlackElo "2142"]
[WhiteFideId "495506"]
[BlackFideId "25649191"]
[EventDate "2025.11.27"]

1. e4 e5 2. Nf3 Nc6 3. Bc4 Bc5 4. c3 Nf6 5. d3 a5 6. O-O d6 7. Re1 h6 8. d4 Ba7
9. h3 O-O 10. Be3 exd4 11. cxd4 d5 12. exd5 Nb4 13. Nc3 Nbxd5 14. Rc1 c6 15. Qb3
a4 16. Qd1 a3 17. bxa3 Nxc3 18. Rxc3 Nd5 19. Bxd5 Qxd5 20. Qb3 Rd8 21. Rb1 Bb8
22. Qxd5 Rxd5 23. Nd2 Bc7 24. Nc4 Ra6 25. Rcb3 Bf5 26. Rc1 Bc8 27. Nb2 Bd6 28.
Nc4 Bc7 29. Nb2 Ra8 30. Nd3 Rda5 31. Rcc3 Bd6 32. Nc5 Rb8 33. Bd2 1/2-1/2

[Event "15th London Classic Open"]
[Site "London ENG"]
[Date "2025.12.02"]
[Round "8.55"]
[White "Gurevich, Artjom"]
[Black "O'cuilleanain, Oisin"]
[Result "0-1"]
[WhiteElo "2163"]
[BlackElo "2170"]
[WhiteFideId "2603870"]
[BlackFideId "2514249"]
[EventDate "2025.11.27"]

1. d4 Nf6 2. c4 e6 3. g3 d5 4. Nf3 Bb4+ 5. Bd2 Be7 6. Bg2 O-O 7. O-O c6 8. Qc2
b6 9. Bf4 Bb7 10. Rd1 Nbd7 11. Ne5 Nh5 12. Bd2 Nhf6 13. Bf4 Nh5 14. Bd2 Rc8 15.
Nc3 f5 16. Qa4 Nxe5 17. dxe5 Qc7 18. Bf3 g6 19. cxd5 cxd5 20. Nb5 Qd7 21. Qb3
Rc4 22. Bc3 Rd8 23. Bxh5 gxh5 24. Nd6 Bxd6 25. exd6 Qc6 26. Bd4 Qxd6 27. Qe3 Rd7
28. Qg5+ Kf8 29. Qh6+ Ke8 30. Qxh5+ Rf7 31. f4 Qb4 32. e3 Rc2 33. Rac1 Qc4 34.
Rxc2 Qxc2 35. Re1 Ba6 36. Qd1 Rc7 37. Qxc2 Rxc2 38. Rd1 Be2 39. Rb1 Bf3 40. b4
Rxa2 41. Ra1 Rxa1+ 42. Bxa1 Kd7 43. Kf2 Be4 44. Ke2 Kc6 45. Kd2 Kb5 46. Kc3 d4+
47. exd4 Ka4 48. Bb2 b5 49. Bc1 Bd5 50. Bd2 a5 51. bxa5 b4+ 52. Kb2 Kxa5 53. Be1
Kb5 54. Bd2 Kc4 55. Be1 b3 56. Ba5 Kxd4 57. Be1 Ke3 58. Bc3 Kf3 59. Bf6 Kg2 60.
Kc1 Kxh2 61. Bh4 Kh3 62. Kb2 Kg4 63. Kc3 h5 64. Kb2 e5 65. fxe5 f4 0-1

[Event "15th London Classic Open"]
[Site "London ENG"]
[Date "2025.12.03"]
[Round "9.1"]
[White "Smirin, Ilia"]
[Black "Praggnanandhaa, R"]
[Result "1/2-1/2"]
[WhiteTitle "GM"]
[BlackTitle "GM"]
[WhiteElo "2554"]
[BlackElo "2768"]
[WhiteFideId "2801990"]
[BlackFideId "25059530"]
[EventDate "2025.11.27"]

1. e4 c5 2. Nf3 Nc6 3. Bb5 g6 4. c3 Nf6 5. e5 Nd5 6. O-O Bg7 7. d4 cxd4 8. cxd4
O-O 9. Nc3 Nc7 10. Bf4 d6 11. Bxc6 bxc6 12. Qa4 Bg4 13. Qxc6 Ne6 14. Be3 Bxf3
15. Qxf3 dxe5 16. dxe5 Bxe5 17. Nd5 Rb8 18. Rad1 Rxb2 1/2-1/2

[Event "15th London Classic Open"]
[Site "London ENG"]
[Date "2025.12.03"]
[Round "9.2"]
[White "Ivic, Velimir"]
[Black "Cornette, Matthieu"]
[Result "1-0"]
[WhiteTitle "GM"]
[BlackTitle "GM"]
[WhiteElo "2618"]
[BlackElo "2517"]
[WhiteFideId "950122"]
[BlackFideId "620084"]
[EventDate "2025.11.27"]

1. e4 e5 2. Nf3 Nc6 3. Bc4 Nf6 4. d3 Bc5 5. Bg5 h6 6. Bh4 d6 7. c3 a5 8. Nbd2
Ba7 9. O-O Bd7 10. Rc1 Qe7 11. a3 g5 12. Bg3 O-O-O 13. d4 h5 14. h4 gxh4 15.
Bxh4 Rdg8 16. Re1 Rg4 17. b4 Rhg8 18. Bf1 exd4 19. b5 Ne5 20. cxd4 Rxh4 21. Qc2
Ne8 22. dxe5 Rhg4 23. b6 Bxb6 24. Nc4 Bc5 25. exd6 Qe6 26. Nce5 Rxg2+ 27. Bxg2
Qh3 28. Nh4 Qxh4 29. Qxc5 Qg5 30. Kf1 Qxg2+ 31. Ke2 Qxe4+ 32. Kd2 Qf4+ 33. Kc3
Nxd6 34. Kb2 1-0

[Event "15th London Classic Open"]
[Site "London ENG"]
[Date "2025.12.03"]
[Round "9.3"]
[White "Fernandez, Daniel Howard"]
[Black "Ghasi, Ameet K"]
[Result "0-1"]
[WhiteTitle "GM"]
[BlackTitle "GM"]
[WhiteElo "2501"]
[BlackElo "2500"]
[WhiteFideId "5801605"]
[BlackFideId "409200"]
[EventDate "2025.11.27"]

1. d4 d6 2. e4 Nf6 3. Nc3 e5 4. Nf3 Nbd7 5. Rg1 c6 6. g4 h6 7. h4 exd4 8. Nxd4
Ne5 9. g5 hxg5 10. hxg5 Nfg4 11. f4 Rh2 12. fxe5 dxe5 13. Rxg4 Bxg4 14. Qxg4
Qxd4 15. Qg3 Rxc2 16. g6 Bb4 17. gxf7+ Kf8 18. Be2 Rxc3 19. bxc3 Qxc3+ 20. Kf2
Qxa1 21. Qg5 Be7 22. Qd2 Qd4+ 23. Qxd4 exd4 24. Bc4 b5 25. Be6 c5 26. e5 c4 27.
a4 bxa4 28. Ke2 d3+ 29. Kd1 c3 0-1